00473nam a2200193Ia 4500008004100000041001200041082001100053100002300064245003000087260003800117300000800155365000800163520001200171546001200183630003000195650001200225655001200237730003000249101110s9999 xx 000 0 und d aENGLISH bJR4812 aDharmadhikari M.T. aHimalaya MHT-CET physics c2006bHimalaya Publishing, Mumbai a317 b215 aPhysics aENGLISH aHimalaya MHT-CET physics aPhysics aPhysics aHimalaya MHT-CET physics